Countries Containing W (no continent prompts) - Statistics

General Stats
  • This quiz has been taken 3,000 times
    2,985 since last reset
  • The average score is 9 of 12
Answer Stats
country % Correct
Switzerland
84%
Sweden
83%
Eswatini
79%
New Zealand
76%
Zimbabwe
75%
Rwanda
74%
Malawi
72%
Norway
68%
Botswana
65%
Kuwait
61%
Taiwan
61%
Papua New Guinea
52%
No matching quizzes found
Score Distribution
Percent of People with Each Score
Percentile by Number Answered
Your Score History
You have not taken this quiz since the last reset